000
00269 a2200145 4500
001
62550
020
_a
040
_c
Anchieta - Pituba
240
1
0
_a
Eureka 33
_l
por
245
1
0
_a
Eureka 33
300
_a
62
362
0
_a
2011
650
4
_a
Matemática
942
_c
BK
999
_c
62550
_d
62550